[Event "USA-ch Juniors 2020"]
[Site "Saint Louis"]
[Date "2020.10.15"]
[Round "9.2"]
[White "Jacobson, Brandon"]
[Black "Shen, Christopher"]
[Result "1-0"]
[WhiteElo "2487"]
[BlackElo "2354"]
[Annotator "TA"]
[PlyCount "137"]
[EventDate "2020.10.13"]
[EventType "tourn"]
[EventCountry "USA"]
[SourceTitle "playchess.com"]
[Source "ChessBase"]
[SourceQuality "1"]

{[%evp 13,137,29,35,34,36,29,119,107,126,124,143,121,127,138,114,112,99,71,86,89,102,107,108,91,87,97,105,99,77,44,83,91,104,79,66,0,13,7,3,0,13,0,33,0,27,0,0,0,0,0,154,151,106,35,108,118,108,64,133,0,0,0,0,0,223,223,223,0,47,47,47,47,42,46,181,187,187,189,317,310,385,76,76,0,121,131,112,119,119,119,5093,12770,1335,1236,29970,29971,29969,29969,29968,29969,29964,29968,29968,29969,29964,29966,29971,11604,2330,8,8,8,29981,29982,29985,29987,29987,29988,29988,29989,29989,29987,29987,29988,29989,29990]} 1. d4 d6 2. c4 g6 3. Nc3 Bg7 4. e4 Nf6 5. h3 O-O 6. Be3 e5 7. d5 a5 8. g4 {E71: King's Indian: 4 e4 d6 5 h3.} Na6 9. Nge2 b6 (9... h5 $11 {remains equal.}) 10. Ng3 $16 {White is better.} Nc5 11. Qd2 {[#]} Kh8 $146 ({Predecessor:} 11... Bd7 12. O-O-O a4 13. f3 Ne8 14. h4 f6 15. h5 g5 16. h6 Bh8 17. Nf5 Rf7 {1-0 (50) Heimann,A (2635)-Koelle,T (2159) Dresden 2019}) 12. Be2 Ng8 13. h4 f5 14. gxf5 gxf5 15. Bg5 Bf6 16. exf5 Bxg5 17. hxg5 {aiming for g6.} (17. Qxg5 $6 Bxf5 18. Nxf5 Qxg5 $11) 17... Bxf5 18. Nxf5 Rxf5 19. g6 $1 {[%csl Gg6][%cal Rh1h7]} Nf6 20. O-O-O $1 Qe7 21. Rdg1 Rf4 22. Bd1 {Hoping for g7+.} Rg8 23. Bc2 Rg7 24. gxh7 ({White should try} 24. Kb1 $14) 24... Qf7 25. f3 Rxf3 26. Qh6 {Rxg7 is the strong threat.} Ng4 27. Qh4 $36 {[%mdl 2048] White is pushing.} Nf6 28. Rf1 Ne8 (28... Nfd7 $5 {[%cal Rf3f1]} 29. Rxf3 Qxf3 $11) 29. Rxf3 (29. Qe1 $5 {[%cal Rf1f3]} Rf4 30. Ne2 Rxf1 31. Rxf1 $14) 29... Qxf3 30. Kb1 Nf6 31. Nb5 Qf4 $2 ({Better is} 31... Nce4 $11) 32. Qh3 {White threatens Qc8+ and mate.} Qg4 {Strongly threatening ...Qxh3.} 33. Qxg4 ({White should play} 33. Qh6 $16 Nce4 34. Nxc7 Rxh7 35. Qf8+ Qg8 36. Qxg8+ Kxg8 37. Rxh7 Kxh7 38. Na8) 33... Rxg4 (33... Nxg4 $14 34. Rg1 Na6) 34. Nxc7 Rxc4 35. Nb5 Nce4 ({Don't go for} 35... Nxd5 $2 36. Nxd6 Rf4 37. Rd1 $18) (35... Nb7 $14) 36. Re1 (36. Rh6 $1 $16) 36... Rc5 37. a4 Nd2+ 38. Kc1 Nf3 $2 ({But not} 38... Rxd5 $2 39. Rd1 $18) (38... Nb3+ $1 $11 {and Black has nothing to worry.} 39. Kb1 Nd2+ 40. Kc1 Nb3+ 41. Kb1 Nd2+) 39. Rf1 $18 e4 40. Nxd6 $2 ({White has to play} 40. Nc3 $1 $18) 40... Kxh7 {Threatening ...Nd4.} (40... Nxd5 {is interesting.} 41. Rxf3 Rxc2+ 42. Kxc2 exf3 43. Nf7+ Kxh7 44. Ng5+ Kg6) 41. Nxe4 {[%mdl 64] Remove Defender} Nxe4 42. Rxf3 {[%mdl 4096] Endgame KRB-KRN} Kg7 43. Rb3 Nd6 (43... Nf6 $14) 44. Rxb6 Rxd5 45. Bb3 $1 {[%cal Rb3d5]} Rd4 (45... Rc5+ $142 46. Kd2 Nc8) 46. Ra6 Nc4 47. Rc6 $2 (47. Kc2 $18 {has better winning chances.} Rg4 48. Bxc4 (48. Kc3 Ne5 $18) 48... Rxc4+ 49. Kb3 $1 {[%mdl 512]}) 47... Ne5 $16 48. Ra6 (48. Re6 $16 Nd3+ 49. Kc2) 48... Nd3+ (48... Nc4 $1 $11) 49. Kc2 Nb4+ 50. Kc3 Rd3+ 51. Kc4 Nxa6 $4 {[%mdl 8192]} (51... Rd5 $16 52. Rb6 Rf5) 52. Kxd3 {KB-KN} Kf6 53. Kc4 Nc7 {[#]} 54. Kc5 $1 {[%cal Rc5b6]} Ke5 55. Bc4 Ne8 56. Kb6 Nd6 57. b3 Kd4 58. Kxa5 Kc5 59. Bf1 Nb7+ 60. Ka6 Nd8 61. a5 $2 (61. Bg2 $18 Ne6 62. Ka5) 61... Nc6 $1 $11 62. Bg2 {Intending Bxc6 and mate.} Nd4 $2 {[%mdl 8192]} (62... Nb4+ $11 63. Kb7 Kb5) 63. Kb7 {White mates.} Nxb3 64. a6 {[%cal Ba5a6,Ba6a7][%mdl 32]} Na5+ 65. Kc7 Nc4 66. a7 Nb6 67. Kb7 Kb5 68. Bf1+ Ka5 69. Be2 {Av CentiPawn Loss W=72/B=582. Weighted=11/473} 1-0

[Event "USA-ch Juniors 2020"]
[Site "Saint Louis"]
[Date "2020.10.15"]
[Round "9.3"]
[White "Balakrishnan, Praveen"]
[Black "Burke, John M"]
[Result "0-1"]
[WhiteElo "2485"]
[BlackElo "2538"]
[Annotator "TA"]
[PlyCount "68"]
[EventDate "2020.10.13"]
[EventType "tourn"]
[EventCountry "USA"]
[SourceTitle "playchess.com"]
[Source "ChessBase"]
[SourceQuality "1"]

{[%evp 12,68,8,0,18,0,0,0,9,0,15,0,5,1,39,35,35,35,35,20,16,19,4,8,23,0,32,29,38,0,0,0,6,0,0,0,3,0,15,-5,0,-31,-16,-91,-92,-89,-90,-89,-89,-86,-19,-27,-25,-25,-12,-500,-485,-543,-539]} 1. e4 c5 2. Nf3 d6 3. Bb5+ Nd7 4. d4 cxd4 5. Qxd4 a6 6. Bxd7+ Bxd7 7. O-O Rc8 {B51: Sicilian: Moscow Variation (3 Bb5+) without 3...Bd7.} 8. c4 e5 9. Qd3 b5 {The position is equal.} 10. b3 Qc7 {[%cal Rb5c4]} 11. Nbd2 Nf6 12. Ba3 Be7 13. Rfc1 {cxb5 is the strong threat.} Qb6 14. cxb5 axb5 15. Rxc8+ Bxc8 16. Bb4 Bb7 17. Rc1 h6 {[#]} 18. Qc2 $146 ({Predecessor:} 18. a3 Nd7 19. Qe3 Qxe3 20. fxe3 Nc5 21. Nxe5 O-O 22. Nef3 Rb8 23. g3 Nxe4 24. Nxe4 Bxe4 {½-½ (31) Senzacqua,F (2154)-Heide,E (2313) ICCF email 2014}) 18... Ng4 19. Nf1 Kd7 {And now ...Rc8 would win.} 20. Qe2 Rc8 21. Rxc8 Bxc8 22. h3 Nf6 23. Ne3 g6 24. Qd3 {White wants to play Nxe5+.} Ke8 25. Nd2 Bb7 26. Qc2 Kf8 27. Kf1 (27. a3 $11 {keeps the balance.}) 27... Qd4 $17 28. Bc3 Qc5 29. b4 Qc6 {[%cal Rf6e4]} 30. f3 Bd8 (30... Qb6 $17 31. Ke2 Nh5) 31. Qd3 {Threatening Bxe5!} Bb6 32. Nb3 Nh5 {next ...f5! is good for Black.} 33. Na5 $2 {[%mdl 8192] [#]} (33. Nd5 $11 {and White has nothing to worry.}) 33... Bxa5 $1 $19 34. bxa5 {[#]} b4 $1 {[%mdl 512] Av CentiPawn Loss W=-27/B=-9. Weighted=-29/-9} 0-1

[Event "USA-ch Juniors 2020"]
[Site "Saint Louis"]
[Date "2020.10.15"]
[Round "9.4"]
[White "Xiong, Jeffery"]
[Black "Tiglon, Bryce"]
[Result "1/2-1/2"]
[WhiteElo "2709"]
[BlackElo "2393"]
[Annotator "TA"]
[PlyCount "67"]
[EventDate "2020.10.13"]
[EventType "tourn"]
[EventCountry "USA"]
[SourceTitle "playchess.com"]
[Source "ChessBase"]
[SourceQuality "1"]

{[%evp 9,67,21,15,21,29,27,19,18,12,17,14,16,21,7,49,7,13,-16,-4,-100,-93,-76,-92,-89,-88,-108,-122,-120,-120,-185,-186,-183,-185,-180,-173,-199,-145,-145,-145,-138,-137,-133,-93,-93,-92,-93,-6,-7,-10,-38,0,-4,-10,-29,-29,-35,0,0,0,0]} 1. d4 Nf6 2. c4 g6 3. Nc3 d5 4. Bg5 Bg7 5. Bxf6 Bxf6 6. cxd5 {D80: Grünfeld: Unusual White 4th moves and 4 Bg5.} c5 7. Nf3 cxd4 8. Nxd4 Qb6 $1 9. Nb3 O-O 10. Qd2 a5 11. Rd1 Rd8 12. e3 Nc6 13. Be2 Nb4 {[#] With the idea ...Nxa2!} 14. a3 $146 (14. Na4 $11 Qc7 15. O-O) ({Predecessor:} 14. Na4 Qa7 15. e4 Nxa2 16. O-O Bd7 17. Nac5 a4 18. Nxd7 Rxd7 19. Nd4 Bxd4 20. Qxd4 Qxd4 21. Rxd4 {½-½ (57) Yim,S (2254)-Sarkar,J (2342) Dallas 2018}) 14... Bxc3 $1 $17 15. Qxc3 Nxd5 16. Qd4 {[#] Hoping for Qxb6.} Qxb3 17. Bc4 Qc2 18. Bxd5 Be6 19. e4 (19. Rd2 $17 {was worth a try.} Qc1+ 20. Rd1) 19... Bg4 $19 {[%csl Gg4][%cal Rc2e2]} 20. f3 Qxg2 {[%mdl 64] [#] Double Attack} 21. Rf1 {Rd2 is the strong threat.} Be6 ({Resist} 21... Bxf3 22. Rd2 $17) ({Worse is} 21... Qxh2 22. fxg4 e6 23. Qf6 $11) 22. Qf2 Qxf2+ (22... Qh3 $19 23. Bxe6 Qxe6) 23. Rxf2 $17 Bxd5 24. Rfd2 e6 25. exd5 exd5 26. Rxd5 {[%mdl 4096] Endgame KRR-KRR} Re8+ 27. Kf2 Ra6 ({Better is} 27... Re6 $17) 28. Rb5 $1 $11 Re7 29. Rd2 a4 30. Rb4 Kg7 31. Kg3 Ra5 32. h4 $1 h6 33. Rdd4 Rf5 34. Rf4 {And White is the lucky defender. Av CentiPawn Loss W=-10/B=-10. Weighted=-10/-11} 1/2-1/2

[Event "USA-ch Juniors 2020"]
[Site "Saint Louis"]
[Date "2020.10.15"]
[Round "9.5"]
[White "Sheng, Joshua"]
[Black "Yoo, Christopher Woojin"]
[Result "0-1"]
[WhiteElo "2474"]
[BlackElo "2455"]
[Annotator "RC"]
[PlyCount "72"]
[EventDate "2020.10.13"]
[EventType "tourn"]
[EventCountry "USA"]
[SourceTitle "playchess.com"]
[Source "ChessBase"]
[SourceQuality "1"]
[TimeControl "1500+5"]

1. c4 {[%emt 0:00:05]} g6 {[%emt 0:00:05]} 2. Nc3 {[%emt 0:00:10]} Bg7 {[%emt 0:00:02]} 3. d4 {[%emt 0:00:01]} e6 {[%emt 0:00:38]} 4. Nf3 {[%emt 0:00:30]} Ne7 {[%emt 0:00:02]} 5. g3 {[%emt 0:00:05]} O-O {[%emt 0:00:04]} 6. Bg2 {[%emt 0:00:01]} d5 {[%emt 0:00:10]} 7. O-O {[%emt 0:00:09]} dxc4 {[%emt 0:00:05]} 8. Qa4 {[%emt 0:01:02]} Nbc6 {[%emt 0:02:30]} 9. Rd1 {[%emt 0:00:38]} a6 {[%emt 0:01:32]} 10. e3 {[%emt 0:02:45]} e5 {[%emt 0:06:44]} 11. dxe5 {[%emt 0:02:43]} Qe8 {[%emt 0:00:06]} 12. Qxc4 {[%emt 0:00:08]} Nxe5 {[%emt 0:03:50]} 13. Qxc7 {[%emt 0:02:15]} Bg4 {[%emt 0:00:02]} 14. Nxe5 {[%emt 0:00:24]} Bxd1 {[%emt 0:00:17]} 15. Nd7 {[%emt 0:00:30]} Qc8 {[%emt 0:03:13]} 16. Qxc8 {[%emt 0:02:02]} Rfxc8 {[%emt 0:00:26]} 17. Bxb7 {[%emt 0:00:47]} Rxc3 {[%emt 0:02:23]} 18. Bxa8 {[%emt 0:00:36]} Rc8 {[%emt 0:00:08]} 19. Bd2 {[%emt 0:02:35]} Bg4 {[%emt 0:00:44]} 20. Nb6 {[%emt 0:00:03]} Rb8 {[%emt 0:00:31]} 21. Ba5 {[%emt 0:00:08]} Bxb2 {[%emt 0:00:12]} 22. Rb1 {[%emt 0:00:01]} Be5 {[%emt 0:00:22]} 23. Be4 {[%emt 0:00:30]} Be6 {[%emt 0:00:12]} 24. Rd1 {[%emt 0:02:37]} Bxa2 {[%emt 0:00:08]} 25. Nd7 {[%emt 0:00:02]} Rb5 {[%emt 0:01:10]} 26. Bd8 {[%emt 0:00:23]} Bb3 {[%emt 0:00:41]} 27. Rd2 {[%emt 0:00:57]} Bc3 {[%emt 0:00:30]} 28. Rd6 {[%emt 0:00:22]} Nd5 {[%emt 0:00:25]} 29. Rxa6 {[%emt 0:00:17]} Kg7 {[%emt 0:00:05]} 30. Rc6 {[%emt 0:00:14]} Rb4 {[%emt 0:00:02]} 31. Bf3 {[%emt 0:00:16]} Bb2 {[%emt 0:00:09]} 32. Rc8 {[%emt 0:00:28]} Ra4 {[%emt 0:00:05]} 33. Nc5 {[%emt 0:00:08]} Ra1+ {[%emt 0:00:03]} 34. Kg2 {[%emt 0:00:01]} Ba2 {[%emt 0:00:08]} 35. Ra8 {[%emt 0:00:15]} Bc4 {[%emt 0:00:02]} 36. Rc8 {[%emt 0:00:16]} Bf1+ {[%emt 0:00:03]} 0-1

[Event "USA-ch Juniors 2020"]
[Site "Saint Louis"]
[Date "2020.10.15"]
[Round "10.1"]
[White "Burke, John M"]
[Black "Xiong, Jeffery"]
[Result "1/2-1/2"]
[WhiteElo "2538"]
[BlackElo "2709"]
[Annotator "TA"]
[PlyCount "83"]
[EventDate "2020.10.13"]
[EventType "tourn"]
[EventCountry "USA"]
[SourceTitle "playchess.com"]
[Source "ChessBase"]
[SourceQuality "1"]

{[%evp 9,83,6,23,10,11,15,22,20,19,-18,-2,-11,-24,-41,-20,-37,-40,-64,-30,-64,-39,-38,-36,-66,-66,-96,-93,-109,-109,-107,-28,-33,-38,-29,-33,-112,-111,-137,-131,-221,-218,-195,-37,-29,-46,-74,-71,-81,-80,-82,-79,-83,-76,-76,-72,-121,-111,-156,-137,-146,-93,-114,-77,-71,0,0,-4,-52,-48,-33,0,-74,0,-39,0,-84]} 1. e4 {Kritz,L} c5 2. Nf3 Nc6 3. Bb5 e6 4. Bxc6 bxc6 5. b3 e5 6. Nxe5 {B30: Sicilian: 2...Nc6 3 Bb5, lines without ...g6.} Qe7 7. Bb2 {Hoping for 0-0.} d6 {[#]} 8. Nf3 $146 ({Predecessor:} 8. Nc4 d5 9. Ne3 d4 10. Nc4 Qxe4+ 11. Qe2 Qxe2+ 12. Kxe2 Be6 13. d3 Nf6 14. Nbd2 {½-½ (25) Anand,V (2791)-Gelfand,B (2727) Moscow 2012 CBM 149 [Kritz,L]}) 8... Qxe4+ 9. Qe2 Qxe2+ 10. Kxe2 Ne7 11. d3 Nd5 12. Re1 f6 13. Nbd2 Kf7 (13... Nb4 $5 {[%cal Rb4c2]} 14. Kd1+ Kf7 $11) 14. Kf1 Be7 15. Nc4 a5 {[%cal Ba7a5,Ba5a4,Ba4a3][%mdl 32]} 16. Nfd2 a4 17. Ne4 Rd8 18. Nc3 Nb4 $1 19. Nb6 Ra6 (19... Ra7 $17 20. Re2 a3) 20. Nxc8 $11 Rxc8 21. Re2 $1 a3 22. Bc1 (22. Rae1 $1 $15 axb2 23. Rxe7+ Kf8 24. Rb7) 22... f5 $1 $17 23. Na4 Bf6 $36 {[%mdl 2048] Black is on the roll.} 24. c3 (24. Rb1 $17 {was called for.}) 24... Nxd3 $19 25. Bxa3 {[#]} Bxc3 $2 ({Black should try} 25... c4 $1 $19 {[%mdl 512]} 26. Rd1 (26. bxc4 Rd8) 26... c5) 26. Nxc3 $15 {Strongly threatening Rd2.} Rxa3 27. Rd2 {[#]} c4 $1 {[%mdl 512]} 28. Nb1 (28. bxc4 Rxc3) 28... Ra7 {...Nc5 is the strong threat.} (28... Ra6 {is more complex.} 29. bxc4 Nc5 30. Rb2 Ra4 31. Nd2 Rca8) 29. bxc4 {[#]} Nc5 $1 {[%cal Rc5b3] Threatens to win with ...Nb3!} 30. Rb2 Ra4 31. Nd2 Rca8 32. Ke2 Kf6 33. f4 Ra3 34. g3 Na4 (34... h6 $142 35. Rb6 Ne6) 35. Rb7 $17 Nc3+ 36. Ke1 Rxa2 ({Black should play} 36... R3a7 $17 37. Rxa7 Rxa7) 37. Rxa2 $11 Rxa2 $17 {KRN-KRN} 38. Rb6 Ra1+ 39. Kf2 Ra2 40. Ke1 Ra1+ 41. Kf2 Ra2 42. Ke1 {Av CentiPawn Loss W=-21/B=-12. Weighted=-24/-13} 1/2-1/2

[Event "USA-ch Juniors 2020"]
[Site "Saint Louis"]
[Date "2020.10.15"]
[Round "11.1"]
[White "Xiong, Jeffery"]
[Black "Burke, John M"]
[Result "1/2-1/2"]
[WhiteElo "2709"]
[BlackElo "2538"]
[Annotator "TA"]
[PlyCount "106"]
[EventDate "2020.10.13"]
[EventType "tourn"]
[EventCountry "USA"]
[SourceTitle "playchess.com"]
[Source "ChessBase"]
[SourceQuality "1"]

{[%evp 10,106,12,9,15,0,0,0,11,12,11,0,18,8,5,18,22,22,19,27,27,8,18,17,31,5,95,79,118,114,121,87,93,61,62,60,72,50,66,21,22,20,39,22,38,20,22,22,31,14,79,75,81,65,74,21,32,6,6,6,6,6,6,6,6,6,6,6,6,6,6,6,6,6,6,6,6,6,6,6,6,0,0,0,2,0,6,6,6,0,6,0,6,0,6,0,6,0,6]} 1. e4 e5 2. Nf3 Nc6 3. d4 exd4 4. Nxd4 Bc5 5. Nxc6 bxc6 6. Bd3 Qh4 {[%csl Gc5][%cal Rh4f2] [#] C45: Scotch Game.} 7. Qe2 (7. O-O {looks sharper.} Nf6 8. Qf3 O-O 9. e5 Nd5 10. Re1) 7... Nf6 8. Be3 Bxe3 9. Qxe3 d6 10. Nd2 {[#]} (10. b3 {keeps more tension.} Ng4 11. Qf4 h6 12. Nd2 Rb8 13. Qg3) 10... Ng4 $146 ({Predecessor:} 10... O-O 11. O-O Re8 12. Qg3 Qxg3 13. hxg3 a5 14. a4 Nd7 15. Rfe1 Nc5 16. b3 g6 {0-1 (66) Stoyanov,T (2386)-Moiseenko,V (2519) Anogia 2019}) 11. Qg3 Qxg3 12. hxg3 Rb8 13. b3 O-O 14. f3 Ne5 15. Nc4 Nxc4 16. Bxc4 Be6 17. Bd3 f5 (17... a5 $11 {keeps the balance.}) 18. Kd2 Rbe8 19. Rae1 f4 20. gxf4 Rxf4 21. e5 g6 22. exd6 cxd6 23. Re3 Bd7 24. Rhe1 Rxe3 25. Kxe3 $11 {[%mdl 4096] Endgame KRB-KRB} Rf6 26. Kd4 Kf7 27. b4 Rf4+ 28. Re4 Rxe4+ 29. Bxe4 {KB-KB} Ke6 (29... h6 $11) 30. c4 $16 Be8 31. f4 h6 32. c5 (32. a4 $16) 32... g5 33. fxg5 (33. f5+ {with more complications.} Kd7 34. Ke3 dxc5 35. bxc5 Ke7 36. g4) 33... hxg5 {The position is equal.} 34. Bf3 Ke7 35. a4 Bd7 36. Be4 Ke6 37. Bd3 Ke7 38. Be2 Be8 39. Bg4 Bf7 40. Bf3 Be8 41. Be4 Bd7 42. Bd3 Be8 43. Ba6 Bd7 44. Bb7 Be8 45. Ke4 Bd7 46. Ba6 Be6 47. Kd4 Bd7 48. Bc4 Be8 49. Bd3 Bd7 50. Be4 Be8 51. Bf3 Bd7 52. Be2 Be8 53. Bd3 Bd7 {Av CentiPawn Loss W=-8/B=-8. Weighted=-8/-7} 1/2-1/2